[Event "Madrid ch Super-Veteranos 2015-2016"]
[Site "Madrid ESP"]
[Date "2016.01.22"]
[Round "1.1"]
[White "Estrada Martinez, Cesar"]
[Black "Olano Lanchas, Dionisio"]
[Result "1-0"]
[WhiteElo "2079"]
[BlackElo "1712"]
[PlyCount "77"]
[EventDate "2016.01.22"]
[EventType "swiss"]
[EventRounds "7"]
[EventCountry "ESP"]
[Source "lmi"]
[SourceDate "2016.01.22"]

1. c4 e5 2. Nf3 Nc6 3. Nc3 d6 4. d4 exd4 5. Nxd4 Bd7 6. e4 Ne5 7. Be2 g6 8. O-O
Bg7 9. f4 Nc6 10. Be3 Nge7 11. f5 Nc8 12. Nd5 O-O 13. f6 Bh8 14. Bg5 Re8 15.
Nb5 Rxe4 16. Bd3 Re5 17. Bf4 Bxf6 18. Nxf6+ Qxf6 19. Nxc7 Rb8 20. Nd5 Rxd5 21.
cxd5 Qd4+ 22. Kh1 Ne5 23. Bxe5 Qxe5 24. Qf3 Qg7 25. Rae1 h5 26. h3 Nb6 27. Re7
Be8 28. a4 Kf8 29. Qe4 Nxa4 30. Rxe8+ Rxe8 31. Qxa4 Qxb2 32. Bxg6 Re7 33. Qf4
Qe5 34. Qxe5 dxe5 35. Bxh5 Kg7 36. Bg4 Kg6 37. d6 Re8 38. Bf5+ Kf6 39. Bd7+ 1-0

[Event "Madrid ch Super-Veteranos 2015-2016"]
[Site "Madrid ESP"]
[Date "2016.01.22"]
[Round "1.2"]
[White "Martinez Ruiz, Arturo"]
[Black "Gonzalez Rivera, Eduardo"]
[Result "0-1"]
[WhiteElo "1697"]
[BlackElo "2059"]
[PlyCount "88"]
[EventDate "2016.01.22"]
[EventType "swiss"]
[EventRounds "7"]
[EventCountry "ESP"]
[Source "lmi"]
[SourceDate "2016.01.22"]

1. Nf3 d5 2. d4 Nf6 3. g3 c6 4. Bg2 Bf5 5. O-O e6 6. Nbd2 Bd6 7. Re1 h6 8. Nh4
Bh7 9. e4 dxe4 10. Nxe4 Nxe4 11. Bxe4 Bxe4 12. Rxe4 Be7 13. Ng2 Nd7 14. Re2 Qb6
15. c3 Nf6 16. h3 O-O 17. Be3 Nd5 18. Qc2 Rac8 19. Qe4 Rfd8 20. Nf4 a5 21. Rae1
Bf8 22. Nxe6 fxe6 23. Qxe6+ Kh8 24. Bc1 Re8 25. Qxe8 Rxe8 26. Rxe8 Kg8 27. R1e2
a4 28. a3 Qb3 29. Kg2 Nf6 30. R8e5 Bd6 31. Re6 Qd5+ 32. Kh2 b5 33. Bxh6 c5 34.
dxc5 Bxc5 35. R6e5 Qf3 36. Bf4 Bxf2 37. Rd2 Bb6 38. Rxb5 Be3 39. Bxe3 Qxe3 40.
Rg2 Ne4 41. Rd5 Qf3 42. c4 Qf1 43. Rg1 Qe2+ 44. Kh1 Nf2+ 0-1

[Event "Madrid ch Super-Veteranos 2015-2016"]
[Site "Madrid ESP"]
[Date "2016.01.22"]
[Round "1.3"]
[White "Ciuro Muñoz, Ricardo"]
[Black "Leniz Martinez, Francisco"]
[Result "1-0"]
[WhiteElo "2024"]
[BlackElo "1690"]
[PlyCount "85"]
[EventDate "2016.01.22"]
[EventType "swiss"]
[EventRounds "7"]
[EventCountry "ESP"]
[Source "lmi"]
[SourceDate "2016.01.22"]

1. Nf3 c5 2. g3 d5 3. Bg2 Nf6 4. O-O e6 5. d3 Be7 6. Nbd2 O-O 7. e4 dxe4 8.
dxe4 Nc6 9. e5 Ne8 10. c3 Rb8 11. Re1 b6 12. Qe2 Bb7 13. h4 a6 14. Nf1 b5 15.
N1h2 Nc7 16. Ng4 Na5 17. b3 Nd5 18. Qc2 h5 19. Ne3 Nxe3 20. Bxe3 Qd5 21. Rad1
Qe4 22. Qxe4 Bxe4 23. Bxc5 Bxc5 24. Rxe4 Nb7 25. b4 Bb6 26. c4 bxc4 27. Rxc4
Rfc8 28. Rxc8+ Rxc8 29. Ng5 Nd8 30. a4 Rb8 31. Rb1 Bd4 32. Nf3 Bc3 33. b5 axb5
34. axb5 Ba5 35. Kf1 Kf8 36. Ke2 Ke7 37. Nd2 Bxd2 38. Kxd2 Rb6 39. Kc3 Kd7 40.
Kb4 Nb7 41. Rd1+ Kc8 42. Rc1+ Kd8 43. Rc6 1-0

[Event "Madrid ch Super-Veteranos 2015-2016"]
[Site "Madrid ESP"]
[Date "2016.01.22"]
[Round "1.4"]
[White "Diaz Begonte, Manuel"]
[Black "Mayer Schwartz, Rene"]
[Result "0-1"]
[WhiteElo "1671"]
[BlackElo "2015"]
[PlyCount "68"]
[EventDate "2016.01.22"]
[EventType "swiss"]
[EventRounds "7"]
[EventCountry "ESP"]
[Source "lmi"]
[SourceDate "2016.01.22"]

1. e4 e5 2. Nf3 Nc6 3. Bb5 Bc5 4. O-O Qf6 5. d3 a6 6. Bxc6 dxc6 7. Be3 Bd6 8.
Nbd2 Bg4 9. c3 Ne7 10. Qb3 O-O-O 11. c4 c5 12. Bg5 Qe6 13. Qc3 f6 14. Bh4 g5
15. Bg3 Nc6 16. h3 Bh5 17. a3 Rd7 18. b4 cxb4 19. axb4 Bxb4 20. Qb3 Bxd2 21.
Nxd2 Nd4 22. Qb2 Ne2+ 23. Kh2 Rxd3 24. Rfb1 Qc6 25. Nb3 Qb6 26. Qc2 Rc3 27. Qa2
Rxg3 28. c5 Rxg2+ 29. Kxg2 Qe6 30. f3 Nf4+ 31. Kf2 Qxh3 32. Kg1 Qg3+ 33. Kf1
Bxf3 34. Qf2 Bg2+ 0-1

[Event "Madrid ch Super-Veteranos 2015-2016"]
[Site "Madrid ESP"]
[Date "2016.01.22"]
[Round "1.5"]
[White "Perez Cameselle, Francisco"]
[Black "Algaba Traspuesto, Jose Antonio"]
[Result "1-0"]
[WhiteElo "1917"]
[BlackElo "1632"]
[PlyCount "67"]
[EventDate "2016.01.22"]
[EventType "swiss"]
[EventRounds "7"]
[EventCountry "ESP"]
[Source "lmi"]
[SourceDate "2016.01.22"]

1. e4 d5 2. exd5 Nf6 3. Nc3 Nxd5 4. Bc4 Nb6 5. Bb3 Nc6 6. Qf3 e6 7. Nge2 Be7 8.
d3 Na5 9. O-O Nxb3 10. axb3 a6 11. Re1 O-O 12. Ng3 c6 13. Bf4 Nd5 14. Nxd5 Qxd5
15. Qe2 b5 16. Be5 Bd6 17. Bxd6 Qxd6 18. Ne4 Qe7 19. Qe3 Bb7 20. Qc5 Rfe8 21.
b4 Qd7 22. Qg5 Qe7 23. Qxe7 Rxe7 24. Nc5 Bc8 25. f4 f6 26. d4 Kf7 27. Re3 h6
28. h4 g5 29. hxg5 fxg5 30. fxg5 hxg5 31. Re5 Kg6 32. Ne4 Rd7 33. Rxg5+ Kh6 34.
Ra3 1-0

[Event "Madrid ch Super-Veteranos 2015-2016"]
[Site "Madrid ESP"]
[Date "2016.01.22"]
[Round "1.6"]
[White "Fernandez Martinez, Jose"]
[Black "Garcia Esteban, Ignacio"]
[Result "0-1"]
[WhiteElo "1632"]
[BlackElo "1888"]
[PlyCount "134"]
[EventDate "2016.01.22"]
[EventType "swiss"]
[EventRounds "7"]
[EventCountry "ESP"]
[Source "lmi"]
[SourceDate "2016.01.22"]

1. e4 c5 2. Nf3 Nc6 3. d4 cxd4 4. Nxd4 g6 5. Be3 Bg7 6. Nc3 d6 7. Qd2 Nf6 8.
Be2 O-O 9. O-O Ng4 10. Nxc6 bxc6 11. Bf4 Rb8 12. Rab1 Be6 13. h3 Ne5 14. b3 Re8
15. Be3 Qa5 16. Na4 Qxd2 17. Bxd2 Nd7 18. Bc3 Nf6 19. Bf3 Rbc8 20. Bd2 Nd7 21.
c4 c5 22. Nc3 a6 23. Nd5 Ne5 24. Be2 Nc6 25. Bd3 a5 26. Rbd1 Nb4 27. Bb1 Nc6
28. Rfe1 Bd4 29. Bc3 Bxc3 30. Nxc3 Nd4 31. Nd5 f6 32. Nf4 Bd7 33. Ne2 e5 34.
Nc3 Bc6 35. Nd5 Bxd5 36. cxd5 c4 37. bxc4 Rxc4 38. Kf1 Rec8 39. Bd3 Rc3 40. f3
a4 41. Ba6 Ra8 42. Bb7 Rb8 43. Rb1 Rc7 44. Ba6 Rxb1 45. Rxb1 Kf8 46. Rb8+ Ke7
47. Rb7 Kd7 48. Rxc7+ Kxc7 49. Ke1 Kb6 50. Bd3 Kc5 51. a3 Nb3 52. Kd1 Kd4 53.
Bb5 Nc5 54. Kd2 f5 55. exf5 gxf5 56. Bc6 e4 57. fxe4 f4 58. Ke2 Kxe4 59. Kf2 h6
60. g4 Nd3+ 61. Kg2 f3+ 62. Kf1 Nc5 63. Kf2 Kf4 64. Be8 Ne4+ 65. Kf1 Kg3 66.
Bxa4 Nd2+ 67. Ke1 f2+ 0-1

[Event "Madrid ch Super-Veteranos 2015-2016"]
[Site "Madrid ESP"]
[Date "2016.01.22"]
[Round "1.7"]
[White "Fernandez Garcia, Ignacio"]
[Black "Alfageme Sanchez, Jesus"]
[Result "1-0"]
[WhiteElo "1875"]
[BlackElo "1622"]
[PlyCount "53"]
[EventDate "2016.01.22"]
[EventType "swiss"]
[EventRounds "7"]
[EventCountry "ESP"]
[Source "lmi"]
[SourceDate "2016.01.22"]

1. e4 e5 2. Nf3 Nc6 3. Bc4 Bc5 4. Nc3 Nf6 5. d3 h6 6. h3 d6 7. Be3 Bxe3 8. fxe3
Na5 9. Qe2 Nxc4 10. dxc4 Be6 11. O-O-O Qe7 12. c5 Bd7 13. g4 Bc6 14. cxd6 cxd6
15. Qc4 Rc8 16. Qb4 Rd8 17. g5 hxg5 18. Nxg5 Rh4 19. Nf3 Nxe4 20. Nxh4 Qxh4 21.
Nxe4 Bxe4 22. Rhg1 Rc8 23. c3 Qxh3 24. Qxe4 f5 25. Rh1 Qg3 26. Rh8+ Kd7 27.
Qxf5+ 1-0

[Event "Madrid ch Super-Veteranos 2015-2016"]
[Site "Madrid ESP"]
[Date "2016.01.22"]
[Round "1.8"]
[White "Guimare Lorenzo, Juan Luis"]
[Black "Moragrega Herrero, Juan Jose"]
[Result "0-1"]
[WhiteElo "1605"]
[BlackElo "1837"]
[PlyCount "110"]
[EventDate "2016.01.22"]
[EventType "swiss"]
[EventRounds "7"]
[EventCountry "ESP"]
[Source "lmi"]
[SourceDate "2016.01.22"]

1. d4 d5 2. c4 c6 3. Nf3 Nf6 4. e3 e6 5. Nc3 Bd6 6. a4 O-O 7. Bd3 Nbd7 8. Qc2
Re8 9. O-O Nf8 10. e4 dxe4 11. Nxe4 Nxe4 12. Bxe4 Qc7 13. h3 Bf4 14. Bxf4 Qxf4
15. Qe2 Bd7 16. Qe3 Qc7 17. Rfe1 f6 18. Qc3 Rad8 19. c5 Bc8 20. b4 a6 21. Nd2
Qd7 22. Nf3 Re7 23. Rad1 g5 24. Qe3 Rg7 25. g4 Qf7 26. Nd2 h5 27. Bf3 hxg4 28.
Bxg4 f5 29. Be2 Qf6 30. Nf1 Ng6 31. Nh2 Nf4 32. Bf1 Rgd7 33. Nf3 Rg7 34. Kh2
Nd5 35. Qd2 g4 36. Ne5 Qh4 37. Re3 f4 38. Rb3 g3+ 39. fxg3 fxg3+ 40. Kh1 Nf4
41. Nf3 Qf6 42. Re1 g2+ 43. Bxg2 Rxg2 44. Rg1 Rxg1+ 45. Nxg1 Qxd4 46. Rg3+ Kf7
47. Qc2 Qd5+ 48. Rf3 Rh8 49. Qb2 e5 50. Kh2 Rg8 51. Qc2 Rg7 52. Rf2 Qd4 53. Nf3
Qe3 54. Qb2 Kg8 55. Nxe5 Qxh3# 0-1

[Event "Madrid ch Super-Veteranos 2015-2016"]
[Site "Madrid ESP"]
[Date "2016.01.22"]
[Round "1.9"]
[White "Alvarez Escudero, Manuel"]
[Black "Poblador Dieguez, Alfredo"]
[Result "1/2-1/2"]
[WhiteElo "1820"]
[BlackElo "1593"]
[PlyCount "35"]
[EventDate "2016.01.22"]
[EventType "swiss"]
[EventRounds "7"]
[EventCountry "ESP"]
[Source "lmi"]
[SourceDate "2016.01.22"]

1. e4 c5 2. Nf3 d6 3. Bc4 Nf6 4. e5 dxe5 5. Nxe5 e6 6. d3 a6 7. Bg5 Be7 8. Nc3
O-O 9. a3 b5 10. Ba2 Bb7 11. O-O Nbd7 12. Nxd7 Qxd7 13. Re1 h6 14. Bh4 Qc6 15.
f3 Rfe8 16. Ne4 Nxe4 17. Bxe7 Rxe7 18. fxe4 1/2-1/2

[Event "Madrid ch Super-Veteranos 2015-2016"]
[Site "Madrid ESP"]
[Date "2016.01.22"]
[Round "1.10"]
[White "Jaumandreu Llopis, Antonio"]
[Black "Lopez Heras, Arturo"]
[Result "0-1"]
[WhiteElo "1504"]
[BlackElo "1809"]
[PlyCount "90"]
[EventDate "2016.01.22"]
[EventType "swiss"]
[EventRounds "7"]
[EventCountry "ESP"]
[Source "lmi"]
[SourceDate "2016.01.22"]

1. e4 e5 2. Bc4 Nf6 3. d4 exd4 4. Nf3 Bb4+ 5. c3 dxc3 6. Bxf7+ Kxf7 7. Qb3+ d5
8. Qxb4 Re8 9. Nxc3 Kg8 10. e5 Nc6 11. Qf4 Nxe5 12. Nxe5 Qd6 13. O-O Rxe5 14.
Be3 c6 15. Qd4 Re6 16. Rae1 Bd7 17. Re2 b6 18. Rfe1 Rae8 19. Bf4 Rxe2 20. Nxe2
Qe6 21. Kf1 c5 22. Qe3 Qf5 23. Qd2 Bb5 24. f3 Bxe2+ 25. Rxe2 Rxe2 26. Kxe2 d4
27. g3 Qe6+ 28. Kf2 Qxa2 29. Qe2 Kf7 30. Bd6 Qe6 31. Bf4 Qxe2+ 32. Kxe2 Ke6 33.
Kd3 Kd5 34. b3 b5 35. Bd2 Nd7 36. f4 c4+ 37. bxc4+ bxc4+ 38. Kc2 Ke4 39. g4 Nf6
40. h3 Nd5 41. f5 c3 42. Bg5 h6 43. f6 gxf6 44. Bxh6 d3+ 45. Kd1 Ne3+ 0-1

[Event "Madrid ch Super-Veteranos 2015-2016"]
[Site "Madrid ESP"]
[Date "2016.01.22"]
[Round "1.11"]
[White "Corredor Gonzalez, Angel L"]
[Black "Sanchez Lucena, Juan"]
[Result "1/2-1/2"]
[WhiteElo "1780"]
[BlackElo "1440"]
[PlyCount "76"]
[EventDate "2016.01.22"]
[EventType "swiss"]
[EventRounds "7"]
[EventCountry "ESP"]
[Source "lmi"]
[SourceDate "2016.01.22"]

1. e4 e6 2. d4 d5 3. Nc3 Nf6 4. e5 Nfd7 5. f4 c5 6. Nf3 cxd4 7. Nxd4 Be7 8. Bb5
a6 9. Ba4 b5 10. Bb3 Bb7 11. a3 Bh4+ 12. g3 Be7 13. Qe2 Nc6 14. Nxc6 Bxc6 15.
Rf1 b4 16. axb4 Bxb4 17. Qd1 Bxc3+ 18. bxc3 Bb5 19. Rf2 O-O 20. Ba3 Re8 21. Bd6
Rc8 22. Qf3 Nb6 23. f5 exf5 24. Qxf5 f6 25. O-O-O Qd7 26. Qxd7 Bxd7 27. exf6
gxf6 28. Rxf6 Re6 29. Rdf1 Rxf6 30. Rxf6 Bb5 31. Bb4 Nc4 32. Rf5 Rd8 33. Rf4
Re8 34. Bxc4 Bxc4 35. Rf2 Kg7 36. Bc5 Re1+ 37. Kb2 Kg6 38. Bd4 Rf1 1/2-1/2

[Event "Madrid ch Super-Veteranos 2015-2016"]
[Site "Madrid ESP"]
[Date "2016.01.22"]
[Round "1.12"]
[White "Martin Rodriguez, Jose Luis"]
[Black "Ortega Morales, Pedro"]
[Result "0-1"]
[WhiteElo "1313"]
[BlackElo "1747"]
[PlyCount "106"]
[EventDate "2016.01.22"]
[EventType "swiss"]
[EventRounds "7"]
[EventCountry "ESP"]
[Source "lmi"]
[SourceDate "2016.01.22"]

1. e4 e5 2. Nf3 Nc6 3. d4 exd4 4. Nxd4 Bc5 5. Be3 Qf6 6. c3 a6 7. a4 Nge7 8.
Qf3 Qxf3 9. gxf3 d6 10. Nd2 Ne5 11. b3 Ba7 12. Nc4 Bxd4 13. Bxd4 Nxf3+ 14. Ke2
Nxd4+ 15. cxd4 d5 16. exd5 Nxd5 17. Rg1 g6 18. Kf3 O-O 19. Ne5 Be6 20. Bd3 c6
21. h4 h5 22. Kg3 Kg7 23. Kh2 Nf4 24. Bc2 Rad8 25. Rad1 Rd6 26. Rge1 Rfd8 27.
Re4 Nd5 28. Rd2 Nb4 29. Bb1 Bf5 30. Re1 Bxb1 31. Rxb1 Rxd4 32. Re2 Rxh4+ 33.
Kg3 Rhd4 34. Re3 f6 35. Nf3 Rg4+ 36. Kh3 Nd5 37. Ree1 Kf7 38. Kh2 Re8 39. Rxe8
Kxe8 40. Rd1 Kf7 41. Nd4 Rf4 42. Kg2 h4 43. Rd2 g5 44. Rd3 Nb4 45. Rd2 Kg6 46.
Ne2 Re4 47. Kf3 Re5 48. Rd7 b5 49. Nc3 Nd5 50. Nxd5 Rxd5 51. Ra7 bxa4 52. bxa4
Ra5 53. Rc7 Rxa4 0-1

[Event "Madrid ch Super-Veteranos 2015-2016"]
[Site "Madrid ESP"]
[Date "2016.01.22"]
[Round "1.13"]
[White "Pashov, Spas Nikolov"]
[Black "Carcasona Beltran, Jose Maria"]
[Result "1-0"]
[WhiteElo "1722"]
[BlackElo "1126"]
[PlyCount "63"]
[EventDate "2016.01.22"]
[EventType "swiss"]
[EventRounds "7"]
[EventCountry "ESP"]
[Source "lmi"]
[SourceDate "2016.01.22"]

1. e4 e5 2. Nf3 Nc6 3. Bb5 Nf6 4. O-O a6 5. Bxc6 bxc6 6. Nxe5 Nxe4 7. Re1 Nd6
8. Nxc6+ Be7 9. Nxd8 Kxd8 10. d4 Bb7 11. Bf4 Nf5 12. Nc3 g5 13. Qd3 Nh4 14. Qe3
Re8 15. Bxg5 Nxg2 16. Qxe7+ Rxe7 17. Rxe7 c6 18. Kxg2 c5+ 19. d5 Kc7 20. Bf4+
Kb6 21. Rxd7 Rg8+ 22. Kf3 Bc8 23. Rxf7 Bg4+ 24. Ke4 Re8+ 25. Be5 Bh5 26. Rf6+
Kb7 27. Rg1 Re7 28. Na4 Be8 29. Nxc5+ Kc8 30. Rg8 Kd8 31. Rxa6 Rxe5+ 32. Kxe5
1-0

[Event "Madrid ch Super-Veteranos 2015-2016"]
[Site "Madrid ESP"]
[Date "2016.01.23"]
[Round "2.1"]
[White "Garcia Esteban, Ignacio"]
[Black "Estrada Martinez, Cesar"]
[Result "0-1"]
[WhiteElo "1888"]
[BlackElo "2079"]
[PlyCount "44"]
[EventDate "2016.01.22"]
[EventType "swiss"]
[EventRounds "7"]
[EventCountry "ESP"]
[Source "lmi"]
[SourceDate "2016.01.22"]

1. e4 c5 2. Nf3 g6 3. Nc3 Bg7 4. Be2 Nc6 5. O-O Nf6 6. d3 O-O 7. h3 d6 8. Bd2
e5 9. Bg5 Be6 10. Qc1 Nd4 11. Bd1 Qd7 12. Kh2 b5 13. b3 b4 14. Nb1 a5 15. a4
Nc6 16. Be3 Qe7 17. Nbd2 d5 18. Bg5 h6 19. Bxf6 Bxf6 20. Be2 Bg7 21. Qe1 f5 22.
Bd1 Nd4 0-1

[Event "Madrid ch Super-Veteranos 2015-2016"]
[Site "Madrid ESP"]
[Date "2016.01.23"]
[Round "2.2"]
[White "Gonzalez Rivera, Eduardo"]
[Black "Fernandez Garcia, Ignacio"]
[Result "1-0"]
[WhiteElo "2059"]
[BlackElo "1875"]
[PlyCount "51"]
[EventDate "2016.01.22"]
[EventType "swiss"]
[EventRounds "7"]
[EventCountry "ESP"]
[Source "lmi"]
[SourceDate "2016.01.22"]

1. e4 e5 2. Nf3 Nc6 3. Bc4 Bc5 4. b4 Bxb4 5. c3 Be7 6. d4 d6 7. Qb3 Bf6 8.
Bxf7+ Kf8 9. Bd5 Nge7 10. Be3 Nxd5 11. exd5 exd4 12. dxc6 dxe3 13. cxb7 exf2+
14. Kxf2 Bxb7 15. Qxb7 Rb8 16. Qxa7 Rb2+ 17. Nbd2 Kf7 18. Rab1 Rxb1 19. Rxb1
Rf8 20. Qa5 Kg8 21. Rb7 d5 22. Qxc7 Qe8 23. Qd6 Bxc3 24. Qxd5+ Kh8 25. Ne4 Ba1
26. Nd6 1-0

[Event "Madrid ch Super-Veteranos 2015-2016"]
[Site "Madrid ESP"]
[Date "2016.01.23"]
[Round "2.3"]
[White "Moragrega Herrero, Juan Jose"]
[Black "Ciuro Muñoz, Ricardo"]
[Result "0-1"]
[WhiteElo "1837"]
[BlackElo "2024"]
[PlyCount "42"]
[EventDate "2016.01.22"]
[EventType "swiss"]
[EventRounds "7"]
[EventCountry "ESP"]
[Source "lmi"]
[SourceDate "2016.01.22"]

1. d4 Nf6 2. g3 e6 3. Bg2 d5 4. f3 c5 5. c3 cxd4 6. cxd4 Nc6 7. Nh3 Qb6 8. e3
Qa6 9. Bf1 Qb6 10. Nc3 Bd7 11. Nf4 Bd6 12. Nd3 O-O 13. Na4 Qd8 14. f4 Ne4 15.
Bg2 Qa5+ 16. Ke2 Nxd4+ 17. exd4 Bxa4 18. Qg1 Bb5 19. Qe3 Qa6 20. Bxe4 dxe4 21.
Qxe4 Bc6 0-1

[Event "Madrid ch Super-Veteranos 2015-2016"]
[Site "Madrid ESP"]
[Date "2016.01.23"]
[Round "2.4"]
[White "Mayer Schwartz, Rene"]
[Black "Pashov, Spas Nikolov"]
[Result "1-0"]
[WhiteElo "2015"]
[BlackElo "1722"]
[PlyCount "73"]
[EventDate "2016.01.22"]
[EventType "swiss"]
[EventRounds "7"]
[EventCountry "ESP"]
[Source "lmi"]
[SourceDate "2016.01.22"]

1. Nf3 Nf6 2. b3 g6 3. Bb2 Bg7 4. e3 c5 5. Be2 O-O 6. O-O d5 7. d4 cxd4 8. exd4
b6 9. Nbd2 Ba6 10. Ne5 Bb7 11. Bf3 e6 12. c4 Nc6 13. Nxc6 Bxc6 14. Qe2 Rc8 15.
Rfd1 Qd7 16. Rac1 Qb7 17. Qe3 Rfd8 18. c5 Nd7 19. cxb6 axb6 20. Be2 Bf8 21. Bd3
b5 22. h4 h5 23. Nf3 Bg7 24. Bxg6 fxg6 25. Qxe6+ Kh8 26. Qxg6 Nf6 27. Ng5 Be8
28. Qd3 Qe7 29. f3 Rc6 30. Kf2 Qd7 31. Re1 Rdc8 32. Rxc6 Rxc6 33. Bc1 Qc8 34.
Bd2 Bh6 35. Re5 Rc2 36. Rxe8+ Qxe8 37. Qxc2 1-0

[Event "Madrid ch Super-Veteranos 2015-2016"]
[Site "Madrid ESP"]
[Date "2016.01.23"]
[Round "2.5"]
[White "Lopez Heras, Arturo"]
[Black "Perez Cameselle, Francisco"]
[Result "1/2-1/2"]
[WhiteElo "1809"]
[BlackElo "1917"]
[PlyCount "35"]
[EventDate "2016.01.22"]
[EventType "swiss"]
[EventRounds "7"]
[EventCountry "ESP"]
[Source "lmi"]
[SourceDate "2016.01.22"]

1. d4 f5 2. g3 Nf6 3. Bg2 g6 4. Nc3 Bg7 5. Bf4 O-O 6. Qd2 d6 7. Bh6 Qe8 8. Bxg7
Kxg7 9. O-O-O e5 10. dxe5 Qxe5 11. Nf3 Qa5 12. Nd4 Na6 13. h4 h6 14. h5 g5 15.
f4 g4 16. Nb3 Qb6 17. e4 fxe4 18. Nxe4 1/2-1/2

[Event "Madrid ch Super-Veteranos 2015-2016"]
[Site "Madrid ESP"]
[Date "2016.01.23"]
[Round "2.6"]
[White "Ortega Morales, Pedro"]
[Black "Corredor Gonzalez, Angel L"]
[Result "1-0"]
[WhiteElo "1747"]
[BlackElo "1780"]
[PlyCount "89"]
[EventDate "2016.01.22"]
[EventType "swiss"]
[EventRounds "7"]
[EventCountry "ESP"]
[Source "lmi"]
[SourceDate "2016.01.22"]

1. d4 Nf6 2. Bf4 e6 3. e3 b6 4. Nd2 Bb7 5. Ngf3 c5 6. c3 Nc6 7. Be2 Rc8 8. O-O
Nh5 9. Bg5 f6 10. Bh4 g6 11. dxc5 Bxc5 12. Ne4 Be7 13. Nd6+ Bxd6 14. Qxd6 Qe7
15. Rad1 Qxd6 16. Rxd6 Ke7 17. Rfd1 Rcd8 18. b4 Ng7 19. b5 Nb8 20. R6d2 Nf5 21.
Bg3 Nxg3 22. hxg3 a6 23. Rd6 axb5 24. Rxb6 Bd5 25. a3 Bc4 26. Bxc4 bxc4 27. Nd4
e5 28. Nc2 d6 29. Nb4 Rd7 30. a4 Rhd8 31. Rxb8 Rxb8 32. Nc6+ Ke6 33. Nxb8 Rb7
34. Nc6 Rb3 35. Rc1 Ra3 36. a5 Kd7 37. Nb4 Rxa5 38. Kf1 d5 39. Ke2 Kd6 40. Rd1
Rb5 41. Ra1 d4 42. Ra6+ Kd7 43. Kd2 Ke7 44. exd4 exd4 45. Nc6+ 1-0

[Event "Madrid ch Super-Veteranos 2015-2016"]
[Site "Madrid ESP"]
[Date "2016.01.23"]
[Round "2.7"]
[White "Sanchez Lucena, Juan"]
[Black "Alvarez Escudero, Manuel"]
[Result "0-1"]
[WhiteElo "1440"]
[BlackElo "1820"]
[PlyCount "50"]
[EventDate "2016.01.22"]
[EventType "swiss"]
[EventRounds "7"]
[EventCountry "ESP"]
[Source "lmi"]
[SourceDate "2016.01.22"]

1. d4 d5 2. Nf3 e6 3. a3 c5 4. Bg5 Nf6 5. e3 h6 6. Bh4 Nc6 7. Nc3 cxd4 8. Nxd4
Be7 9. Bd3 Bd7 10. Nce2 Ne5 11. Bg3 Nxd3+ 12. Qxd3 Ne4 13. Rc1 Qa5+ 14. c3 Nc5
15. Qb1 Qb6 16. O-O O-O 17. b4 Ne4 18. Qb2 Nxg3 19. Nxg3 e5 20. Nde2 Bg5 21.
Kh1 Rac8 22. Ng1 d4 23. cxd4 Rxc1 24. Rxc1 exd4 25. Qxd4 Qxd4 0-1

[Event "Madrid ch Super-Veteranos 2015-2016"]
[Site "Madrid ESP"]
[Date "2016.01.23"]
[Round "2.8"]
[White "Olano Lanchas, Dionisio"]
[Black "Guimare Lorenzo, Juan Luis"]
[Result "0-1"]
[WhiteElo "1712"]
[BlackElo "1605"]
[PlyCount "123"]
[EventDate "2016.01.22"]
[EventType "swiss"]
[EventRounds "7"]
[EventCountry "ESP"]
[Source "lmi"]
[SourceDate "2016.01.22"]

1. c4 e5 2. e4 Nf6 3. Nc3 Bc5 4. Be2 c6 5. Nf3 Qe7 6. O-O O-O 7. a3 a5 8. d3 d6
9. Bg5 Bg4 10. h3 Bxf3 11. Bxf3 Nbd7 12. Be2 h6 13. Bh4 Rfb8 14. Bg4 g5 15. Bg3
Nxg4 16. Qxg4 Nf6 17. Qd1 b5 18. cxb5 cxb5 19. Kh1 Bd4 20. Qd2 Kh7 21. Ne2 Bb6
22. b4 Rc8 23. f3 Qe6 24. d4 Rc4 25. d5 Qe8 26. Bf2 Bxf2 27. Rxf2 axb4 28. axb4
Rxa1+ 29. Kh2 Qc8 30. Ng3 Rcc1 31. Qd3 Qc4 32. Qe3 Rc3 33. Qb6 Qxb4 34. Qd8 Kg6
35. Nf5 Ra7 36. Qh8 Nxe4 37. Qxh6+ Kxf5 38. fxe4+ Kxe4 39. Qxg5 Kxd5 40. Rd2+
Kc6 41. Rf2 Qe4 42. Qd8 b4 43. Qc8+ Kd5 44. Qb8 Qd4 45. Qb5+ Rc5 46. Qe2 Qe4
47. Qb2 Rc4 48. Qb3 Ra3 49. Qd1+ Rd3 50. Qh5 Qg6 51. Qe2 Qg3+ 52. Kg1 Rc1+ 53.
Rf1 Rxf1+ 54. Qxf1 Qg6 55. Kh2 b3 56. Qa1 e4 57. Qa8+ Ke6 58. Qe8+ Kf6 59. Qd8+
Kg7 60. Qh4 Qg3+ 61. Qxg3+ Rxg3 62. Kxg3 0-1

[Event "Madrid ch Super-Veteranos 2015-2016"]
[Site "Madrid ESP"]
[Date "2016.01.23"]
[Round "2.9"]
[White "Alfageme Sanchez, Jesus"]
[Black "Martinez Ruiz, Arturo"]
[Result "0-1"]
[WhiteElo "1622"]
[BlackElo "1697"]
[PlyCount "64"]
[EventDate "2016.01.22"]
[EventType "swiss"]
[EventRounds "7"]
[EventCountry "ESP"]
[Source "lmi"]
[SourceDate "2016.01.22"]

1. f4 Nf6 2. Nf3 g6 3. e3 d6 4. d4 Bg7 5. Bd3 O-O 6. Nbd2 b6 7. O-O Bb7 8. e4
Nc6 9. c3 e6 10. Nb3 Ne7 11. Qc2 Rc8 12. Qe2 a5 13. Nbd2 Nh5 14. Ng5 h6 15. Nh3
Qd7 16. Ba6 Bxa6 17. Qxa6 e5 18. fxe5 dxe5 19. d5 f5 20. Qc4 Kh7 21. exf5 Rxf5
22. Rxf5 gxf5 23. Qh4 Qe8 24. Nf3 Bf6 25. Bg5 hxg5 26. Nhxg5+ Kh6 27. g4 fxg4
28. Qxg4 Qg6 29. h4 Rg8 30. Qe6 Rg7 31. Kf2 Nf4 32. Qd7 Qc2+ 0-1

[Event "Madrid ch Super-Veteranos 2015-2016"]
[Site "Madrid ESP"]
[Date "2016.01.23"]
[Round "2.10"]
[White "Leniz Martinez, Francisco"]
[Black "Benito Alba, Eladio"]
[Result "1-0"]
[WhiteElo "1690"]
[BlackElo "1567"]
[PlyCount "86"]
[EventDate "2016.01.22"]
[EventType "swiss"]
[EventRounds "7"]
[EventCountry "ESP"]
[Source "lmi"]
[SourceDate "2016.01.22"]

1. Nf3 Nf6 2. g3 g6 3. Bg2 Bg7 4. O-O d5 5. d3 O-O 6. Nbd2 c5 7. Re1 Nc6 8. e4
dxe4 9. dxe4 e5 10. c3 Bg4 11. h3 Bxf3 12. Bxf3 Qc7 13. Qc2 Rad8 14. Nf1 Rd7
15. Be3 b6 16. Rad1 Rfd8 17. Rxd7 Rxd7 18. Rd1 Rxd1 19. Qxd1 Qd8 20. Qxd8+ Nxd8
21. Bg2 Ne6 22. h4 h5 23. f3 Kf8 24. Nd2 Nd7 25. Kf1 Ke7 26. Ke2 f5 27. exf5
gxf5 28. Bh3 Kf6 29. Kf2 Ndf8 30. Kg2 Kg6 31. Nc4 f4 32. Bd2 fxg3 33. Kxg3 Nd8
34. Nd6 Bf6 35. Bf5+ Kg7 36. Nc8 e4 37. Bxe4 Be5+ 38. Bf4 Kf6 39. Nxa7 Bxf4+
40. Kxf4 Nde6+ 41. Kg3 Nd7 42. f4 Ng7 43. Nc8 Nf8 1-0

[Event "Madrid ch Super-Veteranos 2015-2016"]
[Site "Madrid ESP"]
[Date "2016.01.23"]
[Round "2.11"]
[White "Abad Martin-Camuñas, Luis"]
[Black "Diaz Begonte, Manuel"]
[Result "0-1"]
[WhiteElo "1413"]
[BlackElo "1671"]
[PlyCount "46"]
[EventDate "2016.01.22"]
[EventType "swiss"]
[EventRounds "7"]
[EventCountry "ESP"]
[Source "lmi"]
[SourceDate "2016.01.22"]

1. e4 d5 2. exd5 Nf6 3. d4 Nxd5 4. c4 Nb6 5. Nc3 g6 6. Be3 Bg7 7. h3 O-O 8. Nf3
Nc6 9. Rc1 e5 10. d5 Ne7 11. b3 Nf5 12. Bc5 Re8 13. Bd3 Nd6 14. Bxd6 cxd6 15.
O-O a5 16. Nd2 Kh8 17. Nde4 f5 18. Ng3 Qg5 19. Qe2 Bd7 20. Qe3 Qh4 21. f4 Qd8
22. fxe5 Bxe5 23. Nxf5 Bh2+ 0-1